00610nam a2200157 a 4500008004100000020001500041050001400056100001800070245006500088260002400153300002300177350000900200995009600209999001700305952013000322080109s1987 ||||||||||||||||| || u a085142211x aQA 76 Evo aCawkell, A. E10aEvolution of an information societycedited by A. E. Cawkell aLondonbAslibc1987 aviii, 289p. : ill. a0.00 D0.00FCBU-MAIN LIBRARY (Kitwe)H1I38.50M1UAVAILABLEZMain Library Open Access Collection c42777d42777 00102lcc4070a001b001cMain Library Open Access Collectiond2022-11-30l0oQA 76 Evop010878r2022-11-30w2022-11-30y002